| 000 | 00460 a2200193 4500 | ||
|---|---|---|---|
| 003 | Nust | ||
| 005 | 20170207153205.0 | ||
| 010 | _a 76014658 | ||
| 020 | _a | ||
| 040 | _cNust | ||
| 082 | 0 | 0 | _a519.4 |
| 100 | 1 | _a R .Gupta | |
| 245 | 1 | 0 |
_aNumerical analysis _c R .Gupta |
| 260 |
_a India. : _b Anmol Pub. Co., _cc2000. |
||
| 300 |
_axi, 382 p. : _bill. ; _c25 cm. |
||
| 500 | _aIncludes index. | ||
| 650 | 0 | _aNumerical analysis. | |
| 700 | 1 |
_aRiess, R. Dean _d1940- |
|
| 942 |
_2ddc _cBK |
||
| 999 |
_c181144 _d181144 |
||